<?xml version="1.0" encoding="UTF-8"?>
<record
    xmlns:xsi="http://www.w3.org/2001/XMLSchema-instance"
    xsi:schemaLocation="http://www.loc.gov/MARC21/slim http://www.loc.gov/standards/marcxml/schema/MARC21slim.xsd"
    xmlns="http://www.loc.gov/MARC21/slim">

  <leader>00772nam  22002053  4500</leader>
  <controlfield tag="001">202836</controlfield>
  <datafield tag="010" ind1=" " ind2=" ">
    <subfield code="a">972-31-1168-3</subfield>
  </datafield>
  <datafield tag="021" ind1=" " ind2=" ">
    <subfield code="a">PT</subfield>
    <subfield code="b">240474/06</subfield>
  </datafield>
  <datafield tag="090" ind1=" " ind2=" ">
    <subfield code="a">202836</subfield>
  </datafield>
  <datafield tag="100" ind1=" " ind2=" ">
    <subfield code="a">20260702d        u||y0pory50      ba</subfield>
  </datafield>
  <datafield tag="200" ind1=" " ind2=" ">
    <subfield code="a">Teatro nos col&#xE9;gios dos jesu&#xED;tas</subfield>
    <subfield code="e">a Trag&#xE9;dia de Acab de Miguel Venegas S. I. e o in&#xED;cio de um g&#xE9;nero dram&#xE1;tico (s&#xE9;c. XVI)</subfield>
    <subfield code="f">Maria Margarida Lopes de Miranda</subfield>
  </datafield>
  <datafield tag="210" ind1=" " ind2=" ">
    <subfield code="a">[Lisboa]</subfield>
    <subfield code="c">Funda&#xE7;&#xE3;o Calouste Gulbenkian</subfield>
    <subfield code="d">2006</subfield>
  </datafield>
  <datafield tag="215" ind1=" " ind2=" ">
    <subfield code="a">573 p.</subfield>
    <subfield code="c">brochado</subfield>
    <subfield code="d">23 cm </subfield>
    <subfield code="e">CD</subfield>
  </datafield>
  <datafield tag="225" ind1=" " ind2=" ">
    <subfield code="a">Textos universit&#xE1;rios de ci&#xEA;ncias sociais e humanas</subfield>
  </datafield>
  <datafield tag="606" ind1=" " ind2=" ">
    <subfield code="9">3661</subfield>
    <subfield code="a">Cr&#xED;tica Liter&#xE1;ria.Estudos Liter&#xE1;rios</subfield>
  </datafield>
  <datafield tag="675" ind1=" " ind2=" ">
    <subfield code="a">82.09</subfield>
    <subfield code="v">PT</subfield>
    <subfield code="z">por</subfield>
  </datafield>
  <datafield tag="700" ind1=" " ind2=" ">
    <subfield code="9">17687</subfield>
    <subfield code="a"> Miranda</subfield>
    <subfield code="b">Maria Margarida Lopes de</subfield>
    <subfield code="f">1966-</subfield>
  </datafield>
  <datafield tag="801" ind1=" " ind2=" ">
    <subfield code="a">PT</subfield>
    <subfield code="b">BMMN</subfield>
    <subfield code="g">RPC</subfield>
  </datafield>
  <datafield tag="830" ind1=" " ind2=" ">
    <subfield code="c">Vanda </subfield>
  </datafield>
  <datafield tag="990" ind1=" " ind2=" ">
    <subfield code="c">LIVROS</subfield>
  </datafield>
  <datafield tag="995" ind1=" " ind2=" ">
    <subfield code="0">0</subfield>
    <subfield code="2">0</subfield>
    <subfield code="5">2026-07-02</subfield>
    <subfield code="9">32648</subfield>
    <subfield code="b">BMMN</subfield>
    <subfield code="f">32358</subfield>
    <subfield code="k">82.09 MIR|DEP</subfield>
    <subfield code="o">0</subfield>
    <subfield code="r">LIVROS</subfield>
    <subfield code="s">Oferta</subfield>
  </datafield>
</record>
